[Event "Team junior-girls chess final 2016"]
[Site "Sochi"]
[Date "2016.05.04"]
[Round "4.1"]
[White "Gutkovich, Polina"]
[Black "Kirchei, Viktoriia"]
[Result "1-0"]
[WhiteElo "1738"]
[BlackElo "1570"]
[PlyCount "177"]
[EventDate "2016.05.01"]

1. e4 d6 2. d4 g6 3. Nc3 Bg7 4. g3 b6 5. Bg2 Bb7 6. Nge2 Nd7 7. O-O e6 8. Be3
Ne7 9. Qd2 O-O 10. Bh6 f5 11. Bxg7 Kxg7 12. Nf4 Kf7 13. d5 exd5 14. exd5 Qc8
15. Ne6 Rg8 16. Qh6 Nf6 17. Ng5+ Ke8 18. Rae1 Kd7 19. Nxh7 Nxh7 20. Qxh7 Qf8
21. Qh4 Rh8 22. Qa4+ Kd8 23. Re6 Qh6 24. h3 Bc8 25. Rxe7 Kxe7 26. Qc6 Ba6 27.
Qxc7+ Kf6 28. Qxd6+ Kg7 29. Re1 Rhe8 30. Re7+ Rxe7 31. Qxe7+ Kh8 32. d6 Rg8 33.
d7 Qf8 34. Qh4+ Kg7 35. Qa4 Qe7 36. Qxa6 Qxd7 37. Qb5 Qd2 38. Qe5+ Kh7 39. Qe7+
Kh8 40. Nd5 Qh6 41. Qf6+ Kh7 42. Qf7+ Kh8 43. Qf6+ Kh7 44. Qe7+ Kh8 45. Qe5+
Qg7 46. Qf4 Rf8 47. Qh4+ Qh7 48. Qxh7+ Kxh7 49. Kf1 Rc8 50. c3 Kg7 51. Ke2 Kf7
52. Nf4 Rd8 53. Bd5+ Kf6 54. Bc4 g5 55. Nd5+ Ke5 56. Ne3 Rh8 57. Bd3 f4 58.
Ng4+ Kd6 59. Kf3 Rxh3 60. Bf1 Rh8 61. gxf4 Rf8 62. f5 Rxf5+ 63. Ke3 Ra5 64. a3
Ra4 65. f3 Rf4 66. Nf2 Rf5 67. Ne4+ Ke7 68. Bh3 Ra5 69. Kd4 b5 70. b4 Rxa3 71.
Nxg5 Ra6 72. Ne4 Rc6 73. Bf1 a6 74. f4 Ke6 75. Bh3+ Ke7 76. Kd5 Rh6 77. Bc8 Kd8
78. Be6 Ke8 79. f5 Rh3 80. f6 Rd3+ 81. Ke5 Rf3 82. Bd5 Rf1 83. Kd6 Kf8 84. f7
Kg7 85. Ng5 Rf6+ 86. Ke7 Rf1 87. Ne6+ Kh8 88. f8=Q+ Rxf8 89. Nxf8 1-0

[Event "Team junior-girls chess final 2016"]
[Site "Sochi"]
[Date "2016.05.04"]
[Round "4.1"]
[White "Bezenkina, Ekaterina"]
[Black "Pogorelskikh, Sofia"]
[Result "0-1"]
[WhiteElo "1380"]
[BlackElo "1744"]
[PlyCount "130"]
[EventDate "2016.05.01"]

1. e4 e5 2. Nf3 Nc6 3. Nc3 Nf6 4. d4 exd4 5. Nxd4 Bb4 6. Nxc6 bxc6 7. Bd3 d5 8.
exd5 cxd5 9. O-O O-O 10. Bg5 c6 11. Qf3 Rb8 12. Qg3 Bd6 13. Qh4 Rb4 14. Bxh7+
Nxh7 15. Bxd8 Rxh4 16. Bxh4 Bf5 17. Rfe1 Rb8 18. Re2 Rxb2 19. Rb1 Rxc2 20. Rxc2
Bxc2 21. Rc1 Bd3 22. Bg3 Bb4 23. Na4 Bb5 24. Nc5 Bc4 25. Bd6 Ng5 26. Ne4 Nxe4
27. Bxb4 Ng5 28. f3 Ne6 29. g3 c5 30. Ba3 Kf8 31. Kf2 Ke7 32. Ke3 Kd6 33. f4
Nd4 34. g4 Nb5 35. Bb2 d4+ 36. Kd2 Bxa2 37. Ra1 Bc4 38. Re1 Be6 39. f5 Bd7 40.
Kd3 Nc7 41. Ke4 Bc6+ 42. Kd3 Nd5 43. Ba3 a5 44. Ra1 Bb5+ 45. Kd2 Ne3 46. h3 a4
47. Ra2 Bc4 48. Rb2 Bb3 49. Kd3 Nc4 50. Rxb3 Ne5+ 51. Kc2 axb3+ 52. Kxb3 Kd5
53. Kc2 Nc4 54. Bc1 Ke4 55. h4 Ne3+ 56. Bxe3 dxe3 57. Kd1 c4 58. h5 c3 59. f6
Kd3 60. fxg7 c2+ 61. Kc1 e2 62. g8=Q e1=Q+ 63. Kb2 c1=Q+ 64. Kb3 Qb1+ 65. Ka4
Qeb4# 0-1

[Event "Team junior-girls chess final 2016"]
[Site "Sochi"]
[Date "2016.05.04"]
[Round "4.2"]
[White "Goltseva, Ekaterina"]
[Black "Afanasieva, Alexandra"]
[Result "1-0"]
[WhiteElo "2137"]
[BlackElo "1911"]
[PlyCount "95"]
[EventDate "2016.05.01"]

1. d4 Nf6 2. c4 e6 3. Nc3 Bb4 4. Nf3 c5 5. g3 O-O 6. Bg2 cxd4 7. Nxd4 d5 8.
cxd5 Nxd5 9. Qb3 Nc6 10. Nxc6 bxc6 11. O-O Qb6 12. Na4 Qb7 13. e4 Ne7 14. Be3
Bd6 15. Qc2 Qc7 16. Nc5 Bxc5 17. Bxc5 Ba6 18. Rfd1 Rfd8 19. Bxe7 Qxe7 20. Qxc6
Bb7 21. Qa4 a6 22. Rxd8+ Rxd8 23. Rd1 g6 24. Rxd8+ Qxd8 25. Qc2 Qa5 26. Qb1 Qd2
27. h3 a5 28. b3 Ba6 29. Bf1 Bb7 30. Qd3 Qxd3 31. Bxd3 Kf8 32. e5 Ke7 33. Bb5
g5 34. f4 gxf4 35. gxf4 f6 36. Kf2 fxe5 37. fxe5 Kd8 38. Ke3 Kc7 39. Bc4 Kd7
40. Kd4 Bg2 41. h4 Bh3 42. Kc5 a4 43. Bb5+ Kc7 44. Bxa4 Bg2 45. Bb5 Bd5 46. Bc4
Bxc4 47. bxc4 Kd7 48. Kb6 1-0

[Event "Team junior-girls chess final 2016"]
[Site "Sochi"]
[Date "2016.05.04"]
[Round "4.2"]
[White "Girshgorn, Maria"]
[Black "Beshukova, Alina"]
[Result "1/2-1/2"]
[WhiteElo "1677"]
[BlackElo "1669"]
[PlyCount "83"]
[EventDate "2016.05.01"]

1. d4 Nf6 2. c4 g6 3. Nc3 Bg7 4. Nf3 O-O 5. g3 d6 6. Bg2 Nbd7 7. O-O e5 8. e3
c6 9. b3 exd4 10. exd4 Re8 11. Ba3 Qa5 12. Bb2 Qc7 13. Re1 Rxe1+ 14. Qxe1 Nb6
15. Qd2 Bf5 16. Re1 Re8 17. Rxe8+ Nxe8 18. Qe3 Nf6 19. h3 h6 20. Nd2 Be6 21.
Nde4 Nxe4 22. Nxe4 d5 23. cxd5 Nxd5 24. Qd2 b6 25. Nc3 Qd7 26. Nxd5 Bxd5 27.
Bc3 Bxg2 28. Kxg2 Qd5+ 29. Kg1 Kh7 30. Qe3 Qf5 31. Kg2 Qc2 32. Qf3 c5 33. Qe3
cxd4 34. Bxd4 Qxa2 35. Bxg7 Kxg7 36. Qe5+ Kg8 37. Qe8+ Kg7 38. Qe5+ Kg8 39.
Qe8+ Kg7 40. Qe5+ Kh7 41. Qd5 Kg8 42. Qd8+ 1/2-1/2

[Event "Team junior-girls chess final 2016"]
[Site "Sochi"]
[Date "2016.05.04"]
[Round "4.2"]
[White "Filippova, Darya"]
[Black "Bondareva, Daria"]
[Result "1/2-1/2"]
[WhiteElo "1976"]
[BlackElo "1601"]
[PlyCount "65"]
[EventDate "2016.05.01"]

1. c4 e5 2. Nc3 Nf6 3. g3 c6 4. Nf3 e4 5. Ng5 d5 6. cxd5 cxd5 7. d4 Be7 8. h4
Nc6 9. Bg2 Qb6 10. e3 Bg4 11. Qd2 O-O 12. O-O Rfd8 13. f3 exf3 14. Bxf3 Bxf3
15. Rxf3 h6 16. Nh3 Rac8 17. Qg2 Bb4 18. Rxf6 Bxc3 19. Rxc6 Qxc6 20. bxc3 Qxc3
21. Qb2 Qe1+ 22. Kg2 Qd1 23. Bd2 Qa4 24. Qb4 Qa6 25. Nf2 Rc2 26. Qa5 Qxa5 27.
Bxa5 Rd6 28. Be1 Re6 29. Kf3 Rf6+ 30. Kg2 Re6 31. Kf3 Rf6+ 32. Kg2 Re6 33. Kf3
1/2-1/2

[Event "Team junior-girls chess final 2016"]
[Site "Sochi"]
[Date "2016.05.04"]
[Round "4.2"]
[White "Krupnova, Anna"]
[Black "Shakhmatova, Kseniya"]
[Result "1-0"]
[WhiteElo "1595"]
[BlackElo "1828"]
[PlyCount "113"]
[EventDate "2016.05.01"]

1. e4 e6 2. d4 d5 3. Nd2 Nf6 4. Bd3 c5 5. e5 Nfd7 6. c3 Nc6 7. Ne2 Qb6 8. Nf3
Be7 9. O-O cxd4 10. cxd4 O-O 11. Qc2 h6 12. a3 Qd8 13. Be3 Nb6 14. Qc1 f5 15.
Bxh6 gxh6 16. Qxh6 Rf7 17. g4 Rh7 18. Qf4 Rg7 19. Kh1 fxg4 20. Rg1 Qf8 21. Rxg4
Qxf4 22. Rxg7+ Kxg7 23. Nxf4 Bd7 24. Rg1+ Kf7 25. Bg6+ Kf8 26. h4 Bxh4 27. Nxh4
Nxd4 28. Nh5 Ke7 29. Kg2 Kd8 30. f4 Rc8 31. Nf6 Nc4 32. Rb1 Ba4 33. Bh7 Kc7 34.
Rc1 Kb8 35. Rb1 Bc2 36. Bxc2 Nxc2 37. Ng6 N2e3+ 38. Kf2 Nf5 39. Nd7+ Ka8 40.
Ndf8 Nd2 41. Rd1 Ne4+ 42. Kf3 Nh4+ 43. Nxh4 Rxf8 44. Rg1 Nd2+ 45. Ke2 Nc4 46.
Rg6 Re8 47. Nf3 Kb8 48. Nd4 Nxb2 49. Nxe6 Nc4 50. Kd3 Kc8 51. Kd4 Nb6 52. f5
Rh8 53. f6 Rh4+ 54. Kc5 Rc4+ 55. Kd6 Rc6+ 56. Ke7 Kb8 57. f7 1-0

[Event "Team junior-girls chess final 2016"]
[Site "Sochi"]
[Date "2016.05.05"]
[Round "5.1"]
[White "Budnikova, Varvara"]
[Black "Goltseva, Ekaterina"]
[Result "1/2-1/2"]
[WhiteElo "1854"]
[BlackElo "2137"]
[PlyCount "90"]
[EventDate "2016.05.01"]

1. e4 e5 2. Nf3 Nc6 3. Bb5 Nf6 4. O-O Nxe4 5. d4 Nd6 6. Bxc6 dxc6 7. dxe5 Nf5
8. Qxd8+ Kxd8 9. Rd1+ Ke8 10. Nc3 Ne7 11. h3 Ng6 12. b3 Be7 13. Bb2 Be6 14. Rd2
Rd8 15. Rad1 Rxd2 16. Rxd2 Bb4 17. Rd1 Nf4 18. Nd4 Bxc3 19. Bxc3 Bd5 20. Bd2
Ne6 21. Nxe6 Bxe6 22. Bg5 Bd7 23. f4 Rg8 24. f5 h6 25. Bh4 g5 26. fxg6 fxg6 27.
Bf6 Be6 28. Rd8+ Kf7 29. Rxg8 Kxg8 30. Bd8 Bf5 31. c3 Kf7 32. Bxc7 Ke6 33. Kf2
Bb1 34. a3 Bc2 35. b4 Be4 36. g3 Bf5 37. g4 Bc2 38. h4 Bd1 39. Kg3 Be2 40. a4
Bd1 41. a5 a6 42. Kf4 Be2 43. Bd6 Kf7 44. Bc5 Bd1 45. Bd6 Be2 1/2-1/2

[Event "Team junior-girls chess final 2016"]
[Site "Sochi"]
[Date "2016.05.05"]
[Round "5.1"]
[White "Beshukova, Alina"]
[Black "Gutkovich, Polina"]
[Result "1/2-1/2"]
[WhiteElo "1669"]
[BlackElo "1738"]
[PlyCount "182"]
[EventDate "2016.05.01"]

1. d4 d5 2. c4 e6 3. Nf3 c6 4. Qc2 Nf6 5. g3 Nbd7 6. Bg2 dxc4 7. Qxc4 c5 8. O-O
Nb6 9. Qc2 cxd4 10. Rd1 Bd7 11. Nxd4 Rc8 12. Qd3 Nfd5 13. a3 Be7 14. e4 Nf6 15.
Nc3 O-O 16. Ndb5 Bxb5 17. Qxb5 Qc7 18. Bf4 Qc5 19. Qxc5 Bxc5 20. e5 Nh5 21. Bc1
g6 22. Bxb7 Rb8 23. Ba6 Be7 24. Be3 Ng7 25. f4 h5 26. h4 Nf5 27. Bf2 Rfd8 28.
Rxd8+ Rxd8 29. Rd1 Nd5 30. Nb5 Rd7 31. Nxa7 Nxg3 32. Bxg3 Rxa7 33. Bb5 Bc5+ 34.
Kh2 Be3 35. Rf1 Rc7 36. Bd3 Rb7 37. Rb1 Nxf4 38. Be4 Rb5 39. b4 Rxe5 40. Bf3
Rf5 41. Rb3 Bb6 42. a4 Nd5 43. a5 Bd8 44. Bd6 Nxb4 45. Bxb4 Bxa5 46. Bxa5 Rxa5
47. Kg3 Kg7 48. Rc3 Kf6 49. Bc6 Ke7 50. Rd3 Ra7 51. Kf4 Rc7 52. Bb5 Rc5 53.
Rd7+ Kf6 54. Rb7 Rf5+ 55. Ke4 Kg7 56. Bc4 Kh6 57. Rd7 g5 58. hxg5+ Kxg5 59. Rd8
Rf4+ 60. Kd3 h4 61. Rh8 Kg4 62. Bb5 e5 63. Ke3 Rb4 64. Bd7+ Kg5 65. Rg8+ Kf6
66. Rh8 Ke7 67. Bf5 Rf4 68. Be4 Ke6 69. Rh6+ f6 70. Kd3 Kd6 71. Ke3 Kc5 72. Rh8
Rg4 73. Bf3 Ra4 74. Be4 Ra3+ 75. Bd3 Kd5 76. Rxh4 f5 77. Rh5 f4+ 78. Ke2 Kd4
79. Bb5 e4 80. Rh4 Ra2+ 81. Ke1 Ke3 82. Rh3+ f3 83. Kd1 Rd2+ 84. Kc1 Rd5 85.
Ba6 Kf2 86. Bb7 Rd4 87. Rh4 Kg3 88. Rxe4 f2 89. Re3+ Kh2 90. Rf3 Kg1 91. Rg3+
Kh2 1/2-1/2

[Event "Team junior-girls chess final 2016"]
[Site "Sochi"]
[Date "2016.05.05"]
[Round "5.1"]
[White "Pogorelskikh, Sofia"]
[Black "Filippova, Darya"]
[Result "0-1"]
[WhiteElo "1744"]
[BlackElo "1976"]
[PlyCount "74"]
[EventDate "2016.05.01"]

1. e4 c6 2. d4 d5 3. e5 Na6 4. Nf3 g6 5. Nbd2 Nc7 6. Bd3 Bg7 7. O-O h5 8. Re1
Nh6 9. Nf1 O-O 10. Ng3 Ne6 11. c3 c5 12. Bb1 cxd4 13. cxd4 Re8 14. Nh4 Nf8 15.
h3 Bd7 16. Nxh5 Qb6 17. Nxg7 Kxg7 18. Qd2 Ng8 19. b3 a5 20. Re3 a4 21. b4 Rec8
22. a3 Rxc1+ 23. Qxc1 Qxd4 24. Qc3 Qxh4 25. g3 Qc4 26. Qb2 Bxh3 27. e6+ f6 28.
Ba2 Qb5 29. Rae1 Nh6 30. R3e2 Bg4 31. Rd2 Rd8 32. Rc1 Nxe6 33. Kg2 Ng5 34. Bc4
dxc4 35. Rxd8 Bf3+ 36. Kg1 Nh3+ 37. Kh2 Ng4+ 0-1

[Event "Team junior-girls chess final 2016"]
[Site "Sochi"]
[Date "2016.05.05"]
[Round "5.1"]
[White "Shakhmatova, Kseniya"]
[Black "Erokhova, Violetta"]
[Result "1/2-1/2"]
[WhiteElo "1828"]
[BlackElo "1653"]
[PlyCount "94"]
[EventDate "2016.05.01"]

1. c4 g6 2. g3 Bg7 3. Bg2 d6 4. d4 Nd7 5. Nc3 e5 6. e3 Ne7 7. Nge2 O-O 8. O-O
f5 9. e4 h6 10. d5 g5 11. exf5 Nxf5 12. Ne4 a5 13. N2c3 b6 14. Nb5 Ba6 15. Nec3
Nc5 16. Be3 Qd7 17. Qd2 Rf7 18. Rac1 Nd4 19. Nxd4 exd4 20. Bxd4 Bxc4 21. Bxg7
Rxg7 22. Ne2 Bxa2 23. Nd4 Nb3 24. Nxb3 Bxb3 25. Rc3 a4 26. Rfc1 Qd8 27. Bh3 Ra5
28. Be6+ Kh8 29. Qd4 Rc5 30. Re1 Rxc3 31. Qxc3 Qf8 32. Re3 Bd1 33. Qd4 Bb3 34.
Qc3 Bd1 35. Qd4 Bb3 36. Kg2 Kh7 37. Rf3 Qe7 38. Bf5+ Kg8 39. Be6+ Kh7 40. Bf5+
Kg8 41. Re3 Qf8 42. Be6+ Kh7 43. Rf3 Qe7 44. Bf5+ Kg8 45. Re3 Qf8 46. Be6+ Kh7
47. Rf3 Qe7 1/2-1/2

[Event "Team junior-girls chess final 2016"]
[Site "Sochi"]
[Date "2016.05.05"]
[Round "5.2"]
[White "Podgornova, Anna"]
[Black "Shevchuk, Margarita"]
[Result "0-1"]
[WhiteElo "1744"]
[BlackElo "1583"]
[PlyCount "62"]
[EventDate "2016.05.01"]

1. d4 d5 2. c4 c6 3. Nc3 f5 4. c5 e6 5. Nf3 Nf6 6. Bf4 Be7 7. e3 O-O 8. Bd3
Nbd7 9. O-O Ne4 10. h3 g5 11. Bh2 Qe8 12. Ne5 Nxe5 13. Bxe5 Bf6 14. Bxf6 Rxf6
15. Ne2 Rg6 16. b4 a6 17. a4 h5 18. f3 Nf6 19. Qb3 g4 20. Nf4 Rg7 21. Kf2 Bd7
22. Rg1 Qf7 23. b5 axb5 24. axb5 Rxa1 25. Rxa1 gxf3 26. gxf3 h4 27. Ra7 Nh5 28.
Rxb7 Nxf4 29. exf4 Qg6 30. bxc6 Qg1+ 31. Ke2 Rg2# 0-1

[Event "Team junior-girls chess final 2016"]
[Site "Sochi"]
[Date "2016.05.05"]
[Round "5.2"]
[White "Kirchei, Viktoriia"]
[Black "Grunina, Margarita"]
[Result "0-1"]
[WhiteElo "1570"]
[BlackElo "1621"]
[PlyCount "92"]
[EventDate "2016.05.01"]

1. e4 c5 2. d3 Nc6 3. g3 g6 4. Bg2 Bg7 5. f4 e6 6. Nf3 d6 7. O-O Nge7 8. c3 O-O
9. Be3 b6 10. Na3 Ba6 11. Re1 Qd7 12. Nc2 d5 13. e5 Nf5 14. Bf2 Rac8 15. g4
Nfe7 16. Bh4 f5 17. exf6 Bxf6 18. Bxf6 Rxf6 19. Qd2 Rcf8 20. Ng5 d4 21. c4 Bc8
22. h3 h6 23. Ne4 Rxf4 24. Rf1 Rxf1+ 25. Rxf1 Rxf1+ 26. Kxf1 Kg7 27. Qf2 Ng8
28. Ne1 Ne5 29. Qg3 Nf7 30. h4 e5 31. Nf2 Qe6 32. Bd5 Qf6 33. Bxf7 Kxf7 34. Nf3
Bb7 35. Ke2 Ke6 36. Qg2 Qf7 37. Qh3 Qf4 38. Nd2 Ke7 39. Nde4 Nf6 40. Nxf6 Kxf6
41. g5+ hxg5 42. Ng4+ Kg7 43. hxg5 Qxg5 44. Qg3 Qf4 45. Qh3 Bc8 46. Ke1 Bxg4
0-1

[Event "Team junior-girls chess final 2016"]
[Site "Sochi"]
[Date "2016.05.05"]
[Round "5.2"]
[White "Surovtseva, Alisa"]
[Black "Bezenkina, Ekaterina"]
[Result "1/2-1/2"]
[WhiteElo "1574"]
[BlackElo "1380"]
[PlyCount "82"]
[EventDate "2016.05.01"]

1. e4 c5 2. Nf3 g6 3. d4 cxd4 4. Qxd4 Nf6 5. e5 Nc6 6. Qa4 Nd5 7. Qe4 Nb6 8.
Nc3 Bg7 9. Bf4 O-O 10. O-O-O a6 11. Nd5 Nxd5 12. Qxd5 Qb6 13. Qb3 Qc7 14. Qe3
e6 15. Bd3 Nb4 16. Qd2 Nxd3+ 17. Qxd3 b5 18. Qd6 Qc4 19. Qd4 Qxa2 20. c3 Bb7
21. Qd3 Bd5 22. Qb1 Qa4 23. Rd4 Qa5 24. Qc2 Qa1+ 25. Qb1 Qa5 26. Qc2 Qa1+ 27.
Qb1 Qa5 28. h4 h5 29. Bg5 Bxf3 30. gxf3 Bxe5 31. Rxd7 Rfc8 32. Bd2 b4 33. Rg1
Kf8 34. Rxf7+ Kxf7 35. Qxg6+ Ke7 36. Bg5+ Kd6 37. Rd1+ Kc5 38. Be3+ Kb5 39.
Qd3+ Ka4 40. Qc2+ Kb5 41. Qd3+ Ka4 1/2-1/2

[Event "Team junior-girls chess final 2016"]
[Site "Sochi"]
[Date "2016.05.06"]
[Round "6.1"]
[White "Podgornova, Anna"]
[Black "Goltseva, Ekaterina"]
[Result "0-1"]
[WhiteElo "1744"]
[BlackElo "2137"]
[PlyCount "92"]
[EventDate "2016.05.01"]

1. d4 d5 2. c4 e6 3. Nc3 Nf6 4. Bg5 c6 5. e3 Be7 6. Nf3 Nbd7 7. Bd3 a6 8. O-O
dxc4 9. Bxc4 b5 10. Bd3 c5 11. e4 cxd4 12. Nxd4 Nc5 13. Bc2 Bb7 14. f3 O-O 15.
Qd2 Nfxe4 16. Nxe4 Nxe4 17. Bxe4 Bxg5 18. Qd3 Bxe4 19. Qxe4 Qb6 20. Kh1 Bf6 21.
Nc2 Bxb2 22. Rab1 Bf6 23. a4 Qc5 24. axb5 axb5 25. Qd3 Rab8 26. Nb4 Qc4 27. Qb3
Rfc8 28. h3 Be5 29. Nd3 Bc3 30. Nb4 Qxb3 31. Rxb3 Rc4 32. Nd3 g6 33. Rfb1 Rd8
34. Nb2 Rc5 35. Rc1 Rd2 36. Nd1 Be5 37. Rcb1 Bd4 38. Ne3 Bxe3 39. Rxe3 Rcc2 40.
Rxb5 Rxg2 41. f4 Rgf2 42. Kg1 Rxf4 43. Rb8+ Kg7 44. Rb7 Ra4 45. Re1 Raa2 46.
Kf1 Rh2 0-1

[Event "Team junior-girls chess final 2016"]
[Site "Sochi"]
[Date "2016.05.06"]
[Round "6.1"]
[White "Beshukova, Alina"]
[Black "Grunina, Margarita"]
[Result "1-0"]
[WhiteElo "1669"]
[BlackElo "1621"]
[PlyCount "135"]
[EventDate "2016.05.01"]

1. d4 d5 2. c4 dxc4 3. e3 e6 4. Nc3 Nf6 5. Nf3 a6 6. a4 c5 7. Bxc4 Nc6 8. O-O
cxd4 9. exd4 Be7 10. Re1 O-O 11. Bg5 h6 12. Bh4 Qb6 13. b3 Rd8 14. Ne2 e5 15.
a5 Qa7 16. d5 e4 17. Nd2 Nxd5 18. Bxe7 Ndxe7 19. Ng3 Ne5 20. Qc2 Nd3 21. Re3
Nf5 22. Nxf5 Bxf5 23. Nxe4 Qd4 24. Ra4 Qb2 25. Bxd3 Qxc2 26. Bxc2 Bxe4 27.
Raxe4 Rac8 28. Rc4 Rxc4 29. bxc4 Rd2 30. Bb3 Rb2 31. g3 g6 32. Kg2 Kg7 33. Bd1
Ra2 34. Re5 Kf6 35. Rc5 Ke6 36. Bf3 Kd6 37. Rd5+ Ke6 38. h4 Ra4 39. Be2 Ra2 40.
Bd3 Ra4 41. g4 Ra3 42. Kf3 Ra1 43. h5 g5 44. Bf5+ Kf6 45. Bc8 Rb1 46. Rd7 Rc1
47. Rc7 Ra1 48. Bxb7 Rxa5 49. Rc6+ Ke5 50. Bxa6 Ra3+ 51. Kg2 Kf4 52. Bc8 Rc3
53. Rc7 f6 54. Be6 Ke5 55. Bd5 Kf4 56. f3 Ke3 57. Re7+ Kd4 58. Re6 Rc2+ 59. Kg3
Kc3 60. Rxf6 Kd2 61. Rxh6 Ke1 62. Re6+ Kf1 63. f4 Rc3+ 64. Bf3 Rc1 65. fxg5 Kg1
66. h6 Rf1 67. h7 Rf2 68. Re1+ 1-0

[Event "Team junior-girls chess final 2016"]
[Site "Sochi"]
[Date "2016.05.06"]
[Round "6.1"]
[White "Surovtseva, Alisa"]
[Black "Filippova, Darya"]
[Result "0-1"]
[WhiteElo "1574"]
[BlackElo "1976"]
[PlyCount "94"]
[EventDate "2016.05.01"]

1. e4 c6 2. d4 d5 3. exd5 cxd5 4. c4 Nf6 5. Nc3 Nc6 6. Bg5 Bg4 7. f3 Be6 8. c5
g6 9. Bb5 Bg7 10. Nge2 h6 11. Be3 O-O 12. O-O Qd7 13. Qd2 Kh7 14. a3 Bf5 15.
Ng3 Ne8 16. Nxf5 Qxf5 17. Bd3 Qd7 18. Bc2 Nc7 19. Bb3 Rad8 20. Rad1 Qf5 21. Qc1
Rfe8 22. Bf2 Qc8 23. Rfe1 h5 24. Qf4 Rf8 25. Qc1 Bh6 26. Be3 Bxe3+ 27. Qxe3 Qf5
28. Qd3 Qf6 29. Ba4 e6 30. b4 Ne7 31. Bc2 Nf5 32. Qd2 Ne8 33. Bxf5 gxf5 34. Qe2
Rg8 35. f4 Qh6 36. Rf1 Rg4 37. h3 Rg7 38. Rf2 Nf6 39. Rd2 Ne4 40. Rb2 Nxc3 41.
Qf3 Ne4 42. Rfc2 Rg3 43. Qd1 Rdg8 44. Kh1 Rc3 45. Rxc3 Nxc3 46. Qf3 Ne4 47. Qe2
Ng3+ 0-1

[Event "Team junior-girls chess final 2016"]
[Site "Sochi"]
[Date "2016.05.06"]
[Round "6.1"]
[White "Serditykh, Olesya"]
[Black "Samoshkina, Viktoria"]
[Result "0-1"]
[WhiteElo "1820"]
[BlackElo "1291"]
[PlyCount "76"]
[EventDate "2016.05.01"]

1. d4 d5 2. Nf3 Nf6 3. c4 e6 4. Nc3 Be7 5. Bg5 O-O 6. e3 h6 7. Bh4 Ne4 8. Bxe7
Qxe7 9. Qc2 Nxc3 10. Qxc3 b6 11. cxd5 exd5 12. Bd3 c5 13. Rc1 Nd7 14. Bb5 Bb7
15. O-O Rac8 16. Qa3 Nf6 17. Qxa7 Qc7 18. dxc5 bxc5 19. a3 Ne4 20. Ba6 Bxa6 21.
Qxa6 c4 22. Qa4 Qb6 23. Qc2 Rb8 24. Rb1 Rb7 25. Rfd1 Qb5 26. Nd4 Qa5 27. Nc6
Qc5 28. Nb4 Rd8 29. Nxd5 Rxd5 30. Qxe4 Rxb2 31. Ra1 Rxd1+ 32. Rxd1 Rb8 33. Qd4
Qxd4 34. exd4 c3 35. Kf1 c2 36. Rc1 Rb1 37. Ke2 Rxc1 38. Kd2 Ra1 0-1

[Event "Team junior-girls chess final 2016"]
[Site "Sochi"]
[Date "2016.05.06"]
[Round "6.2"]
[White "Budnikova, Varvara"]
[Black "Afanasieva, Alexandra"]
[Result "1-0"]
[WhiteElo "1854"]
[BlackElo "1911"]
[PlyCount "117"]
[EventDate "2016.05.01"]

1. e4 c6 2. Nf3 d5 3. Nc3 Bg4 4. h3 Bxf3 5. Qxf3 e6 6. d4 Nf6 7. Bd3 dxe4 8.
Nxe4 Qxd4 9. c3 Qd8 10. O-O Be7 11. Bf4 Nxe4 12. Bxe4 O-O 13. Rad1 Qa5 14. Bb1
Bf6 15. b4 Qb6 16. Qg3 Na6 17. a4 Rfd8 18. Bd3 e5 19. Bxe5 Bxe5 20. Qxe5 Rd5
21. Qe4 g6 22. Bc4 Rdd8 23. Qe7 Qc7 24. Bxf7+ Kg7 25. Qxc7 Nxc7 26. Bc4 a6 27.
Rfe1 Kf6 28. f4 Rxd1 29. Rxd1 Ke7 30. g4 Rf8 31. Rd4 Ne8 32. Re4+ Kd8 33. Kf2
Nd6 34. Rd4 Kc7 35. Bb3 b6 36. Kg3 Re8 37. Kf3 Re1 38. Rd1 Re7 39. Bc2 Nc4 40.
Be4 Nd6 41. Bd3 b5 42. axb5 axb5 43. f5 gxf5 44. gxf5 Nf7 45. Kf4 Rd7 46. Bc2
Rxd1 47. Bxd1 Kd6 48. Bb3 Ne5 49. Kg5 Nf3+ 50. Kf6 Nd2 51. Bc2 Nc4 52. Kg7 Ne5
53. f6 Nd7 54. Bxh7 Ke6 55. f7 Ke7 56. Be4 Nf8 57. Bxc6 Ne6+ 58. Kg8 Nf8 59.
Bxb5 1-0

[Event "Team junior-girls chess final 2016"]
[Site "Sochi"]
[Date "2016.05.06"]
[Round "6.2"]
[White "Girshgorn, Maria"]
[Black "Gutkovich, Polina"]
[Result "1/2-1/2"]
[WhiteElo "1677"]
[BlackElo "1738"]
[PlyCount "82"]
[EventDate "2016.05.01"]

1. d4 d5 2. c4 e6 3. Nc3 c6 4. e3 Nf6 5. Nf3 Nbd7 6. Qc2 Bd6 7. e4 dxe4 8. Nxe4
Nxe4 9. Qxe4 Nf6 10. Qc2 c5 11. dxc5 Bxc5 12. Bd3 Qc7 13. O-O Bd7 14. Bg5 Bc6
15. Qe2 Nd7 16. Rfd1 Bd6 17. h3 h6 18. Be3 O-O 19. Nd4 Ne5 20. Nxc6 Qxc6 21.
Rac1 Nxd3 22. Rxd3 Rfd8 23. b3 a5 24. Rcd1 a4 25. c5 Bc7 26. Rxd8+ Rxd8 27.
Rxd8+ Bxd8 28. Qg4 axb3 29. axb3 Kf8 30. Qc4 Bc7 31. Bf4 Bxf4 32. Qxf4 Qd5 33.
Qb4 Ke8 34. Qb6 Kd7 35. b4 Qc6 36. Qa7 Qb5 37. Qa3 Qe2 38. Qc3 e5 39. b5 Qxb5
40. Qxe5 Qb1+ 41. Kh2 Qg6 1/2-1/2

[Event "Team junior-girls chess final 2016"]
[Site "Sochi"]
[Date "2016.05.06"]
[Round "6.2"]
[White "Pogorelskikh, Sofia"]
[Black "Bondareva, Daria"]
[Result "1-0"]
[WhiteElo "1744"]
[BlackElo "1601"]
[PlyCount "91"]
[EventDate "2016.05.01"]

1. e4 e5 2. Nf3 d5 3. exd5 e4 4. Qe2 Nf6 5. d3 Qxd5 6. Nbd2 Be6 7. dxe4 Qc5 8.
Qb5+ Nc6 9. Qxc5 Bxc5 10. Bb5 Bd7 11. a3 O-O 12. O-O Rfe8 13. Re1 Ng4 14. Re2
f5 15. Bc4+ Kh8 16. Bd3 Nce5 17. Nxe5 Rxe5 18. Nf3 Re6 19. e5 Rae8 20. h3 Nxf2
21. Rxf2 Bc6 22. Kf1 Bxf2 23. Kxf2 Bxf3 24. Kxf3 Rxe5 25. Bf4 R5e7 26. Rh1 Rf8
27. h4 h6 28. h5 c5 29. Bd6 Ref7 30. Bxf8 Rxf8 31. Re1 a6 32. Re5 b5 33. Rxc5
f4 34. Rf5 Re8 35. Rxf4 Kg8 36. Re4 Rf8+ 37. Ke3 Rf6 38. a4 bxa4 39. Rxa4 Re6+
40. Re4 Rb6 41. b3 Kf8 42. Bc4 g6 43. Re6 Rxe6+ 44. Bxe6 gxh5 45. b4 Ke7 46.
Bc8 1-0

[Event "Team junior-girls chess final 2016"]
[Site "Sochi"]
[Date "2016.05.06"]
[Round "6.2"]
[White "Krupnova, Anna"]
[Black "Erokhova, Violetta"]
[Result "1-0"]
[WhiteElo "1595"]
[BlackElo "1653"]
[PlyCount "127"]
[EventDate "2016.05.01"]

1. e4 c6 2. d4 d5 3. Nc3 dxe4 4. Nxe4 Nf6 5. Nxf6+ gxf6 6. c3 Bf5 7. Bd3 Bg6 8.
h4 Qc7 9. h5 Bxd3 10. Qxd3 Nd7 11. Ne2 O-O-O 12. Bf4 e5 13. Be3 Kb8 14. O-O-O
Nb6 15. Qf5 Nd5 16. Bd2 Qc8 17. Qc2 Qg4 18. Ng3 exd4 19. cxd4 Bd6 20. Qe4 Rdg8
21. Qxg4 Rxg4 22. Nf5 Bc7 23. g3 Re8 24. Rhe1 Rd8 25. Re2 Bb6 26. Rde1 Rgg8 27.
Nh6 Rgf8 28. Nf5 Rg8 29. f3 Bc7 30. g4 Bf4 31. Re4 Bxd2+ 32. Kxd2 Kc7 33. Ne7
Nxe7 34. Rxe7+ Rd7 35. Kc3 Rg5 36. R1e4 Rgd5 37. Rxd7+ Kxd7 38. b4 a5 39. a3
axb4+ 40. axb4 h6 41. Rf4 Ke6 42. Re4+ Kd7 43. Kc4 Rg5 44. Re3 b5+ 45. Kc3 Rd5
46. f4 Kd8 47. Rg3 Ke7 48. Kd3 Ke6 49. Re3+ Kd7 50. Ke4 Kc7 51. Rg3 Kd7 52. g5
fxg5 53. fxg5 Ke7 54. g6 f5+ 55. Kd3 Kf8 56. Re3 Rd6 57. Re5 Rf6 58. Ke3 f4+
59. Kf3 Kg8 60. d5 c5 61. bxc5 b4 62. Re4 b3 63. Rb4 Rf5 64. c6 1-0

[Event "Team junior-girls chess final 2016"]
[Site "Sochi"]
[Date "2016.05.07"]
[Round "7.1"]
[White "Afanasieva, Alexandra"]
[Black "Podgornova, Anna"]
[Result "1-0"]
[WhiteElo "1911"]
[BlackElo "1744"]
[PlyCount "81"]
[EventDate "2016.05.01"]

1. e4 c5 2. Nf3 Nc6 3. Bb5 g6 4. Bxc6 dxc6 5. h3 Bg7 6. d3 Nf6 7. Nc3 b6 8. Bf4
O-O 9. Qd2 Ba6 10. a3 Nd7 11. O-O e5 12. Bh6 Qe7 13. Bxg7 Kxg7 14. Rfb1 Rfd8
15. Qe3 f6 16. b4 Qd6 17. Ne2 Bb7 18. Nd2 cxb4 19. Nc4 Qc7 20. axb4 c5 21. f4
exf4 22. Nxf4 Re8 23. Qg3 Kf7 24. Ne2 Qxg3 25. Nxg3 Re6 26. b5 Ne5 27. Nxe5+
Rxe5 28. Ra4 Re7 29. Rba1 Bc8 30. Ne2 f5 31. Nc3 fxe4 32. Nxe4 Kg7 33. Nd6 Bf5
34. g4 Be6 35. Re4 Rd8 36. Nc4 Kf8 37. Rae1 Rde8 38. Nd6 Bd5 39. Rf1+ Kg8 40.
Nxe8 Bxe4 41. Nf6+ 1-0